Normal view
MARC view
- Weston, J. L
Entry Corporate Name
001 - CONTROL NUMBER
- control field: 126341
003 - CONTROL NUMBER IDENTIFIER
- control field: NUST
005 - DATE AND TIME OF LATEST TRANSACTION
- control field: 20241009102538.0
008 - FIXED-LENGTH DATA ELEMENTS
- fixed length control field: 241009|| aca||aabn | a|a d
040 ## - CATALOGING SOURCE
- Original cataloging agency: NUST
- Transcribing agency: NUST
110 ## - HEADING--CORPORATE NAME
- Corporate name or jurisdiction name as entry element: Weston, J. L
670 ## - SOURCE DATA FOUND
- Source citation: Work cat.: (NUST): Titterton, D. H. 99290, Strapdown Inertial Navigation Technology, 1997.
